000 00706nam a22002777a 4500
003 OSt
005 20140310184256.0
008 121108t xxu||||| |||| 00| 0 eng d
020 _a9780439738583
050 _aTT 507
_b.V181 2006
100 _aValle, Elsie
_922878
245 _aAll dressed up :
_bfashions form the past /
_cElsie Valle.
260 _aNew York :
_bScholastic Inc.,
_c2006.
300 _c23 cm.
_a16 p. :
_bill. ;
521 _aG2
526 _c390
650 _aFashion
_vFashion design
_922879
942 _2lcc
_cBK-SCHOLAS
999 _c33409
_d33409